[Event "13. Golden Prague Open"]
[Site "Praha"]
[Date "2017.07.02"]
[Round "2.9"]
[White "Stojkovic, Andreja"]
[Black "Janacek, Jaroslav"]
[Result "0-1"]
[WhiteElo "1933"]
[BlackElo "2012"]
[Annotator ""]
[Source ""]
[Remark ""]

1.e4 d6 2.d4 Nf6 3.Nc3 e5 4.Nf3 Nbd7 5.Bc4 Be7 6.Ng5 O-O 7.f4
exd4 8.Qxd4 c6 9.Be2 Qb6 10.Qxb6 axb6 11.Be3 b5 12.Bf3 b4 13.Ne2
Re8 14.Ng3 g6 15.O-O Bf8 16.Bd2 c5 17.c3 bxc3 18.Bxc3 h6 19.Nh3
h5 20.Rfe1 Ng4 21.Bxg4 hxg4 22.Nf2 Nb6 23.f5 gxf5 24.exf5 Rxe1+
25.Rxe1 Rxa2 26.Nxg4 Nd5 27.Nf6+ Nxf6 28.Bxf6 Bd7 29.h4 d5 30.Be7
Rxb2 31.f6 Bc6 32.Nf5 d4 33.g3 Rg2+ 34.Kf1 Rh2 35.Re5 b6 36.Bxf8
Kxf8 37.Ne7 Bb5+ 38.Kg1 Re2 39.Rh5 Ke8 40.Nd5 Kd7 41.Nf4 Re3
42.Rd5+ Kc6 43.Kf2 Bc4 44.Rd8 Kc7 45.Rf8 Ra3 46.h5 Ra2+ 47.Ke1
Rh2 48.g4 b5 49.g5 b4 50.g6 fxg6 51.hxg6 b3 52.f7 b2 53.Rb8 Kxb8
54.f8Q+ Kb7 55.Qe7+ Kb6 56.Qd6+ Kb5 57.Qb8+ Ka4 58.Qa8+ Kb3 59.Qb7+
Kc3 60.Qf3+ d3 61.Nxd3 Bxd3 62.Qf6+ Kc2 63.Qxb2+ Kxb2 64.g7 Bh7 0-1

[Event "13. Golden Prague Open"]
[Site "Praha"]
[Date "2017.07.02"]
[Round "2.10"]
[White "Maly, Filip"]
[Black "Drahorad, Daniel"]
[Result "1-0"]
[WhiteElo "1915"]
[BlackElo "1995"]
[Annotator ""]
[Source ""]
[Remark ""]

1.e4 e6 2.d4 d5 3.Nc3 Nf6 4.Bg5 Be7 5.e5 Nfd7 6.Bxe7 Qxe7 7.Qg4
f5 8.exf6 Nxf6 9.Qg3 a6 10.O-O-O O-O 11.h4 b5 12.Bd3 c5 13.dxc5
Qxc5 14.h5 h6 15.Nf3 Nc6 16.Rh4 Bd7 17.Re1 Rac8 18.Ne5 Nxe5 19.Rxe5
b4 20.Ne2 Bb5 21.Nd4 Bxd3 22.Qxd3 Rfe8 23.Rf4 Qd6 24.Qe3 Ne4
25.Nf3 Qc7 26.Qe2 a5 27.g4 a4 28.g5 hxg5 29.Rfxe4 dxe4 30.Qxe4
a3 31.Nxg5 Qc4 32.Qh7+ Kf8 33.Qh8+ Ke7 34.Rxe6+ Qxe6 35.Qxg7+
Kd6 36.Nxe6 Rxe6 37.Qd4+ 1-0

[Event "13. Golden Prague Open"]
[Site "Praha"]
[Date "2017.07.02"]
[Round "2.11"]
[White "Koper, Stefan"]
[Black "Vit, Zdenek"]
[Result "1-0"]
[WhiteElo "1931"]
[BlackElo "1889"]
[Annotator ""]
[Source ""]
[Remark ""]

1.d4 Nf6 2.c4 g6 3.Nc3 d5 4.cxd5 Nxd5 5.e4 Nxc3 6.bxc3 Bg7 7.Rb1
O-O 8.Nf3 c5 9.Be2 Nc6 10.d5 Ne5 11.Nxe5 Bxe5 12.Qc2 Qc7 13.h4
h5 14.g3 f5 15.f4 Bg7 16.e5 Rd8 17.c4 b6 18.Bf3 Bb7 19.O-O e6
20.d6 Qd7 21.a4 Bxf3 22.Rxf3 Qc6 23.Ra3 Rab8 24.Qg2 Qd7 25.Be3
a5 26.Rb5 Bf8 27.Rab3 Bxd6 28.Rd3 Qc7 29.exd6 Rxd6 30.Rxd6 Qxd6
31.Qd2 Qc6 32.Bxc5 Rc8 33.Qd6 bxc5 34.Qxc6 Rxc6 35.Rxa5 Kf7 36.Rb5
Rc7 37.a5 Ra7 38.Rxc5 Ke7 39.Kf2 Kd6 40.Rb5 Rc7 41.Rb6+ Kd7 42.Rb4
Ra7 43.Rb5 Rc7 44.Rb4 Ra7 45.Ra4 Kd6 46.Ke3 e5 47.fxe5+ Kxe5
48.a6 Ke6 49.Kd4 Kd6 50.Ra5 Kc6 51.c5 Rd7+ 52.Kc4 Ra7 53.Ra1 1-0

[Event "13. Golden Prague Open"]
[Site "Praha"]
[Date "2017.07.02"]
[Round "2.12"]
[White "Martirosyan, Ara"]
[Black "Kronowetter, Borivoj"]
[Result "1-0"]
[WhiteElo "1807"]
[BlackElo "1671"]
[Annotator ""]
[Source ""]
[Remark ""]

1.e4 c5 2.Nf3 d6 3.Nc3 Nf6 4.d4 cxd4 5.Qxd4 Nc6 6.Bb5 Bd7 7.Bxc6
Bxc6 8.Bg5 e6 9.O-O-O Be7 10.Qd3 O-O 11.Nd4 a6 12.f4 Qc7 13.h4
Rfd8 14.f5 e5 15.Nxc6 bxc6 16.Bxf6 Bxf6 17.g4 h6 18.Qg3 g6 19.g5
Bg7 20.h5 Qb6 21.f6 Bf8 22.hxg6 fxg6 23.gxh6 Kh8 24.h7 Rab8 25.Qxg6
Qe3+ 26.Rd2 1-0

[Event "13. Golden Prague Open"]
[Site "Praha"]
[Date "2017.07.02"]
[Round "2.13"]
[White "Kuhnmund, Ivan"]
[Black "Husa, Daniel"]
[Result "1-0"]
[WhiteElo "1644"]
[BlackElo "1602"]
[Annotator ""]
[Source ""]
[Remark ""]

1.e4 e6 2.Nc3 d5 3.Qe2 d4 4.Nd1 e5 5.g3 Nf6 6.f3 Bc5 7.d3 O-O
8.a3 Be6 9.Nh3 h6 10.Ndf2 Bb6 11.f4 Nh7 12.f5 Bd7 13.Ng4 f6 14.Bg2
Kh8 15.O-O c5 16.Bf3 Nc6 17.Ngf2 Be8 18.Bh5 Bxh5 19.Qxh5 Qe8
20.Qh4 Qf7 21.g4 Kg8 22.Kh1 Rac8 23.b3 Ba5 24.Rg1 Ng5 25.Nxg5
fxg5 26.Qh5 b5 27.h4 gxh4 28.Qxh4 Bd8 29.g5 Bxg5 30.Bxg5 hxg5
31.Rxg5 Qe7 32.Rag1 Rf7 33.Ng4 Rff8 34.Nh6+ Kh8 35.Nf7+ Kg8 36.Rxg7# 1-0

[Event "13. Golden Prague Open"]
[Site "Praha"]
[Date "2017.07.02"]
[Round "2.14"]
[White "Nemecek, Lukas"]
[Black "Rosenbaumova, Lea"]
[Result "0-1"]
[WhiteElo "1641"]
[BlackElo "1559"]
[Annotator ""]
[Source ""]
[Remark ""]

1.e4 e6 2.d4 d5 3.exd5 exd5 4.c4 Nf6 5.Nc3 Bb4 6.Bd3 O-O 7.Nge2
Nc6 8.O-O dxc4 9.Bxc4 Re8 10.a3 Ba5 11.h3 h6 12.Be3 Bb6 13.Qd2
Ne4 14.Nxe4 Rxe4 15.Rad1 Bd7 16.Nc3 Rh4 17.Rfe1 Bxh3 18.gxh3
Rxh3 19.Ne4 Qh4 20.Ng3 Rd8 21.Bf1 Rh2 22.Bg2 Rd6 23.Nf5 Rxg2+
24.Kxg2 Qe4+ 25.f3 Qxf5 26.Kf2 Nxd4 27.f4 Nc2 0-1

[Event "13. Golden Prague Open"]
[Site "Praha"]
[Date "2017.07.02"]
[Round "2.15"]
[White "Mach, Petr"]
[Black "Drahoradova, Zuzana"]
[Result "1/2-1/2"]
[WhiteElo "1609"]
[BlackElo "1658"]
[Annotator ""]
[Source ""]
[Remark ""]

1.d4 Nf6 2.Nf3 c5 3.dxc5 e6 4.Nc3 Bxc5 5.g3 Qb6 6.e3 d5 7.Bg2
Nc6 8.O-O Qc7 9.Qe2 a6 10.a3 O-O 11.b4 Bd6 12.Bb2 Re8 13.Rfd1
Bd7 14.e4 Rac8 15.Qd3 Ne5 16.Qe2 Nxf3+ 17.Qxf3 Be5 18.exd5 Bxc3
19.dxe6 Bxe6 20.Bxc3 Qxc3 21.Qxb7 Qxc2 22.Qxa6 Ng4 23.Qb6 Qa4
24.h3 Nf6 25.Rd4 h6 26.b5 Rc4 27.Rd8 Rxd8 28.Qxd8+ Kh7 29.b6
Rc8 30.Qd3+ g6 31.Rd1 Bf5 32.Qd6 1/2-1/2

[Event "13. Golden Prague Open"]
[Site "Praha"]
[Date "2017.07.02"]
[Round "2.16"]
[White "Veselsky, Jan"]
[Black "Martirosyan, Artyom"]
[Result "0-1"]
[WhiteElo "1672"]
[BlackElo "1082"]
[Annotator ""]
[Source ""]
[Remark ""]

1.d4 d5 2.c4 e5 3.dxe5 d4 4.Nf3 Nc6 5.g3 Be6 6.b3 Qd7 7.Bg2 O-O-O
8.O-O Nge7 9.Nbd2 Ng6 10.a4 Bh3 11.e6 Bxe6 12.Ba3 Bxa3 13.Rxa3
Bh3 14.Qc2 Bxg2 15.Kxg2 h5 16.h4 Rhe8 17.b4 Rxe2 18.Qd3 Rde8
19.b5 Qg4 20.Kh2 R8e3 21.Qb1 Rxa3 22.bxc6 bxc6 23.Qb4 Rxf3 24.Nxf3
Qxf3 25.Qf8+ 0-1

[Event "13. Golden Prague Open"]
[Site "Praha"]
[Date "2017.07.02"]
[Round "2.17"]
[White "Zednik, Petr"]
[Black "Krobot, Jan"]
[Result "0-1"]
[WhiteElo "1533"]
[BlackElo "1705"]
[Annotator ""]
[Source ""]
[Remark ""]

1.e4 c5 2.Nf3 d6 3.d4 cxd4 4.Nxd4 Nf6 5.Nc3 a6 6.Be2 e6 7.Be3
Be7 8.Qd2 Qc7 9.f3 Nc6 10.Nxc6 Qxc6 11.Rd1 O-O 12.O-O b5 13.a3
Bb7 14.Kh1 Rfd8 15.Rfe1 Rac8 16.Qd4 d5 17.exd5 Nxd5 18.Nxd5 Rxd5
19.Qb6 Qxb6 20.Bxb6 Rxc2 21.Rxd5 Bxd5 22.Bd3 Rxb2 23.Rc1 Bc4
24.Bxc4 bxc4 25.Bd4 Rd2 26.Rxc4 Rd1+ 27.Bg1 Bxa3 28.Rc8+ Bf8
29.g3 f6 30.Kg2 Kf7 31.Ra8 Rd2+ 32.Kh3 Ra2 33.Ra7+ Kg6 34.Ra8
Bb4 35.Bd4 a5 36.Ra6 Re2 37.g4 e5 38.Ba7 Ra2 39.Be3 a4 40.g5
a3 41.gxf6 gxf6 42.Kg3 Re2 43.Bc1 a2 44.h4 Bc3 45.h5+ Kf5 46.f4
a1Q 47.Rxf6+ Kxf6 0-1

[Event "13. Golden Prague Open"]
[Site "Praha"]
[Date "2017.07.02"]
[Round "2.18"]
[White "Bartosova, Hana"]
[Black "Zubek, Rudolf"]
[Result "1-0"]
[WhiteElo "1541"]
[BlackElo "1349"]
[Annotator ""]
[Source ""]
[Remark ""]

1.e4 c5 2.Nf3 d6 3.d4 cxd4 4.Nxd4 e5 5.Nb3 Be6 6.Nc3 Nf6 7.Be2
a6 8.Be3 Nbd7 9.f3 Be7 10.Nd5 O-O 11.O-O a5 12.a4 b6 13.Bb5 h6
14.Qd2 Nc5 15.Nxc5 dxc5 16.Nxe7+ Qxe7 17.Rfd1 Rad8 18.Qc3 Nh5
19.Qxe5 f6 20.Qxh5 f5 21.exf5 Rxf5 22.Rxd8+ Qxd8 23.Qe8+ Qxe8
24.Bxe8 Re5 25.Bf4 Rf5 26.Bc7 Rg5 27.Bxb6 Bh3 28.g3 c4 29.Bb5
c3 30.bxc3 Rd5 31.Bc4 Be6 32.Bxd5 Bxd5 33.Bxa5 Bxf3 34.Bb6 Be4
35.a5 Bxc2 36.a6 Be4 37.a7 Ba8 38.Rd1 g5 39.Rd8+ Kh7 40.Rxa8
Kg6 41.Rg8+ Kh5 42.a8Q 1-0

[Event "13. Golden Prague Open"]
[Site "Praha"]
[Date "2017.07.02"]
[Round "2.19"]
[White "Konvalinka, Vladislav"]
[Black "Vavrova, Jirina"]
[Result "1-0"]
[WhiteElo "1761"]
[BlackElo "1022"]
[Annotator ""]
[Source ""]
[Remark ""]

1.d4 Nf6 2.c4 g6 3.Nc3 Bg7 4.Nf3 d5 5.cxd5 Nxd5 6.Bd2 Bf5 7.Qb3
b6 8.Qxd5 Qxd5 9.Nxd5 Kd7 10.Bf4 c6 11.Nc3 Na6 12.e4 Bg4 13.Bxa6
Bxf3 14.gxf3 Bxd4 15.O-O-O c5 16.Be5 f6 17.Bxd4 cxd4 18.Rxd4+
Ke8 19.Rhd1 Kf7 20.Rd7 g5 21.Bc4+ Kg6 22.Rxe7 Rac8 23.Be6 Rhe8
24.Bf5+ Kh6 25.Rxh7# 1-0

[Event "13. Golden Prague Open"]
[Site "Praha"]
[Date "2017.07.02"]
[Round "2.20"]
[White "Lajsek, Tomas"]
[Black "Rezek, Filip"]
[Result "1-0"]
[WhiteElo "1760"]
[BlackElo "1199"]
[Annotator ""]
[Source ""]
[Remark ""]

1.e4 c6 2.d4 d5 3.Nc3 dxe4 4.Nxe4 Bf5 5.Ng3 Bg6 6.Nf3 e6 7.Bd3
Bxd3 8.Qxd3 Bd6 9.Bd2 Nf6 10.O-O-O Nbd7 11.Rde1 Qc7 12.Nf5 Rg8
13.Ng5 Nf8 14.Qb3 O-O-O 15.Nxd6+ Rxd6 16.Bf4 Ne8 17.Bxd6 Nxd6
18.Kb1 h6 19.Nf3 Nd7 20.h3 Nf6 21.a3 Nde4 22.Re2 Qf4 23.Qe3 Qxe3
24.Rxe3 Nxf2 25.Rhe1 N2e4 26.Rxe4 Nxe4 27.Rxe4 Rd8 28.c3 Rd5
29.Re5 Rd7 30.Kc2 Kc7 31.Nd2 Rd6 32.Ne4 Rd7 33.b3 Re7 34.Ng3
f6 35.Re2 g5 36.Kd3 Kd6 37.Ne4+ Kd7 38.Nxf6+ Kc7 39.Ng4 1-0

[Event "13. Golden Prague Open"]
[Site "Praha"]
[Date "2017.07.02"]
[Round "2.21"]
[White "Novotny, Josef"]
[Black "Bartos, Vaclav"]
[Result "1/2-1/2"]
[WhiteElo "1738"]
[BlackElo "1371"]
[Annotator ""]
[Source ""]
[Remark ""]

1.Nf3 d5 2.c4 c6 3.e3 Nf6 4.Nc3 Nbd7 5.d4 e6 6.Bd3 dxc4 7.Bxc4
b5 8.Bd3 Bb7 9.O-O a6 10.e4 c5 11.d5 exd5 12.exd5 Be7 13.Re1
O-O 14.d6 Bxd6 15.Bxh7+ Nxh7 16.Qxd6 Bxf3 17.gxf3 Re8 18.Bf4
Nhf6 19.Rad1 Rxe1+ 20.Rxe1 Qa5 21.Qc6 Ra7 22.Re7 Qd8 23.Re1 Qa5
24.Re7 Qd8 25.Re1 Qa5 1/2-1/2

[Event "13. Golden Prague Open"]
[Site "Praha"]
[Date "2017.07.02"]
[Round "2.22"]
[White "Bara, Josef"]
[Black "Cabart, Pavel"]
[Result "0-1"]
[WhiteElo "1380"]
[BlackElo "1712"]
[Annotator ""]
[Source ""]
[Remark ""]

1.d4 Nf6 2.c4 e5 3.Bg5 Nc6 4.dxe5 Nxe5 5.e3 Bb4+ 6.Nd2 h6 7.Bxf6
Qxf6 8.a3 Be7 9.b4 O-O 10.Ngf3 b6 11.Be2 Bb7 12.O-O d5 13.Nxe5
Qxe5 14.Nf3 Qe6 15.Nd4 Qe5 16.Nf3 Qd6 17.Rc1 dxc4 18.Qxd6 Bxd6
19.Rxc4 Rfe8 20.Rcc1 c5 21.Rfd1 Re6 22.bxc5 Bxc5 23.Rd7 Be4 24.Bc4
Re7 25.Rxe7 Bxe7 26.Ne5 Bxa3 27.Ra1 Bb2 28.Nxf7 Bxa1 29.Nd6+
Kf8 30.Nxe4 Rc8 31.Bf1 Ke7 32.h3 Rc1 33.g4 b5 34.Kg2 b4 35.Nd2
Bc3 36.Nb3 Rc2 37.Bc4 Be1 38.Nd4 Rxc4 0-1

[Event "13. Golden Prague Open"]
[Site "Praha"]
[Date "2017.07.02"]
[Round "2.23"]
[White "Plate, Marion Helga"]
[Black "Scipione, Andrea"]
[Result "1-0"]
[WhiteElo "1564"]
[BlackElo "1312"]
[Annotator ""]
[Source ""]
[Remark ""]

1.d4 Nf6 2.Bf4 g6 3.e3 Bg7 4.c4 d6 5.h3 O-O 6.Nc3 Nbd7 7.Nf3
Re8 8.Be2 c6 9.Qb3 e5 10.Bh2 e4 11.Nd2 Nb6 12.Bxd6 Qxd6 13.c5
Be6 14.Qc2 Qc7 15.cxb6 Qxb6 16.Ndxe4 Nxe4 17.Nxe4 Bd5 18.Bf3
Bxe4 19.Bxe4 f5 20.Bf3 Bxd4 21.O-O Be5 22.Rad1 Qxb2 23.Qxb2 Bxb2
24.Rb1 Be5 25.Rxb7 Rec8 26.Rc1 c5 27.Kf1 Bd6 28.Rd7 Rd8 29.Rxd6
Rxd6 30.Bxa8 Rd8 31.Bc6 Rd2 32.a4 Rd6 33.Rxc5 Kg7 34.Ke2 Kf6
35.a5 h5 36.a6 Ke7 37.Bb7 Rb6 38.Kf3 Rb4 39.Rc6 g5 40.Rc7+ Kd6
41.Rh7 g4+ 42.hxg4 hxg4+ 43.Kg3 Rc4 44.Rh6+ Kc7 45.Rf6 1-0

[Event "13. Golden Prague Open"]
[Site "Praha"]
[Date "2017.07.02"]
[Round "2.24"]
[White "Day, Tobias"]
[Black "Nemecek, Pavel ml."]
[Result "1-0"]
[WhiteElo "1187"]
[BlackElo "1363"]
[Annotator ""]
[Source ""]
[Remark ""]

1.e4 d5 2.exd5 Qxd5 3.Nc3 Qa5 4.d4 Nf6 5.h3 Bf5 6.Bd3 Bg6 7.Bxg6
hxg6 8.Nf3 c6 9.Bd2 Qc7 10.Qe2 Nbd7 11.Ng5 e6 12.Nce4 Nxe4 13.Qxe4
Nf6 14.Qf3 O-O-O 15.c3 Bd6 16.b4 Rhe8 17.O-O Re7 18.a4 Nd5 19.Ne4
Bf4 20.Bxf4 Qxf4 21.Qxf4 Nxf4 22.b5 cxb5 23.axb5 Kb8 24.Rfb1
f5 25.Ng3 Rc8 26.Rb3 e5 27.Re1 e4 28.Ra3 Nd3 29.Rea1 b6 30.Ne2
g5 31.Ng3 g6 32.f3 e3 33.Ne2 Rec7 34.c4 Nf4 35.Rxe3 Nxe2+ 36.Rxe2
Rxc4 37.Re7 f4 38.Raxa7 Rxd4 39.Reb7# 1-0

[Event "13. Golden Prague Open"]
[Site "Praha"]
[Date "2017.07.03"]
[Round "3.1"]
[White "Krobot, Jan"]
[Black "Anaskin, Arsenij"]
[Result "0-1"]
[WhiteElo "1705"]
[BlackElo "2216"]
[Annotator ""]
[Source ""]
[Remark ""]

1.d4 Nf6 2.Bf4 e6 3.Nf3 c5 4.e3 b6 5.c3 Bb7 6.Nbd2 Be7 7.Bd3
O-O 8.Qe2 Nc6 9.O-O Nh5 10.Bg3 f5 11.Ne5 Nxg3 12.hxg3 Nxe5 13.dxe5
Qc7 14.f4 d6 15.exd6 Qxd6 16.Rad1 Rad8 17.Bc2 b5 18.Nf3 Qa6 19.a3
Bxf3 20.Qxf3 c4 21.Kf2 g5 22.Qh5 g4 23.Rh1 Rf7 24.Rxd8+ Bxd8
25.e4 Qd6 26.Rd1 Bb6+ 27.Ke2 Qc5 28.Rd4 e5 29.fxe5 Qxe5 30.Rd5
Qxg3 31.Qg5+ Rg7 32.Rd8+ Bxd8 33.Qxd8+ Kf7 34.Qd7+ Kg6 35.Qxf5+
Kh6 36.Qf6+ Rg6 37.Qf8+ Kh5 38.Qf5+ Kh4 39.Qf1 Rd6 40.Qh1+ Kg5
41.Qc1+ Qf4 42.Qe1 g3 43.Bb1 h6 44.Bc2 Qf2+ 0-1

[Event "13. Golden Prague Open"]
[Site "Praha"]
[Date "2017.07.03"]
[Round "3.2"]
[White "Haba, Zdenek"]
[Black "Bartosova, Hana"]
[Result "1-0"]
[WhiteElo "2177"]
[BlackElo "1541"]
[Annotator ""]
[Source ""]
[Remark ""]

1.e4 e6 2.d4 d5 3.e5 c5 4.c3 Nc6 5.Nf3 Bd7 6.Be2 cxd4 7.cxd4
Nge7 8.Nc3 Nf5 9.O-O Be7 10.a3 f6 11.g4 Nh6 12.exf6 Bxf6 13.g5
Nxd4 14.gxh6 Nxf3+ 15.Bxf3 gxh6 16.Bh5+ Ke7 17.Bf4 Rg8+ 18.Bg3
Rc8 19.Qd3 Rg7 20.Rfe1 Bc6 21.Rad1 d4 22.Qe2 Qg8 23.Ne4 Bh4 24.Rxd4
Bxe4 25.Rxe4 1-0

[Event "13. Golden Prague Open"]
[Site "Praha"]
[Date "2017.07.03"]
[Round "3.3"]
[White "Novy, Filip"]
[Black "Rosenbaumova, Lea"]
[Result "1-0"]
[WhiteElo "2148"]
[BlackElo "1559"]
[Annotator ""]
[Source ""]
[Remark ""]

1.d4 Nf6 2.g3 g6 3.Bg2 Bg7 4.c4 d5 5.cxd5 Nxd5 6.Nc3 Nxc3 7.bxc3
O-O 8.Ba3 Re8 9.e3 Nc6 10.Ne2 e5 11.O-O Be6 12.d5 Bxd5 13.Qxd5
Qf6 14.Rfd1 a6 15.Rab1 Rab8 16.Qd7 Rbc8 17.c4 Red8 18.Qg4 h5
19.Qf3 Rb8 20.Nc3 Qe6 21.Nd5 Rdc8 22.Rd2 Kh8 23.Qe2 Qf5 24.Nc3
Qe6 25.Bd5 Qe8 26.Ne4 Nd8 27.Nc5 c6 28.Bf3 b5 29.Ne4 Nb7 30.Nd6
Nxd6 31.Bxd6 Rb7 32.cxb5 axb5 33.a4 e4 34.Bg2 f5 35.Bf1 1-0

[Event "13. Golden Prague Open"]
[Site "Praha"]
[Date "2017.07.03"]
[Round "3.4"]
[White "Krivanek, Vladimir"]
[Black "Martirosyan, Artyom"]
[Result "1-0"]
[WhiteElo "2095"]
[BlackElo "1082"]
[Annotator ""]
[Source ""]
[Remark ""]

1.b4 d5 2.Bb2 Bf5 3.Nf3 Nd7 4.e3 Ngf6 5.c4 e6 6.Qb3 c6 7.Nc3
Bd6 8.c5 Bc7 9.Ne2 a5 10.a3 axb4 11.axb4 Rxa1+ 12.Bxa1 e5 13.Ng3
Bg6 14.Be2 e4 15.Nd4 Ne5 16.b5 Qe7 17.b6 Bb8 18.Qc3 Ned7 19.Nb3
Be5 20.Qc1 Bxa1 21.Qxa1 Nxc5 22.Nxc5 Qxc5 23.Qa8+ Ke7 24.Qxh8
Qc1+ 25.Bd1 Ng4 26.Qxg7 Nxf2 27.Kxf2 Qxd2+ 28.Be2 1-0

[Event "13. Golden Prague Open"]
[Site "Praha"]
[Date "2017.07.03"]
[Round "3.5"]
[White "Rosenbaum, Vit"]
[Black "Konvalinka, Vladislav"]
[Result "1-0"]
[WhiteElo "2124"]
[BlackElo "1761"]
[Annotator ""]
[Source ""]
[Remark ""]

1.d4 d5 2.c4 c6 3.Nf3 Nf6 4.e3 Bf5 5.Nc3 e6 6.Qb3 Qc7 7.Bd2 Nbd7
8.Rc1 Ne4 9.cxd5 Nxd2 10.Nxd2 cxd5 11.Bb5 Qd8 12.Ba4 Qb6 13.Nb5
Kd8 14.Qd1 a6 15.Nc3 Bd6 16.O-O Nf6 17.Re1 Ke7 18.e4 Bg4 19.f3
Qxd4+ 20.Kh1 Qe5 21.Nf1 d4 22.Nd5+ exd5 23.exd5 Ne4 24.Qb3 Bf5
25.fxe4 Bxe4 26.Qxb7+ Kf6 27.Ng3 Bxd5 28.Rf1+ Kg5 29.Qd7 Be6
30.Qxd6 Rhd8 31.Qd7 Bd5 32.Rf5+ 1-0

[Event "13. Golden Prague Open"]
[Site "Praha"]
[Date "2017.07.03"]
[Round "3.6"]
[White "Volf, Michal"]
[Black "Hurtak, Otto"]
[Result "1/2-1/2"]
[WhiteElo "1826"]
[BlackElo "2050"]
[Annotator ""]
[Source ""]
[Remark ""]

1.e4 c5 2.Nf3 g6 3.d4 cxd4 4.Nxd4 Nc6 5.Nc3 Bg7 6.Nde2 Nf6 7.g3
O-O 8.Bg2 d6 9.O-O Bd7 10.Re1 Rc8 11.Nd5 Nxd5 12.exd5 Ne5 13.h3
Qb6 14.c3 Bb5 15.Be3 Qa6 16.a4 Bc4 17.Nc1 Nd3 18.Nxd3 Bxd3 19.Qd2
b6 20.Bg5 f6 21.Be3 Bf5 22.Bd4 Rce8 23.Bf1 Qb7 24.Bb5 Bd7 25.Bxd7
Qxd7 26.Re6 Qc7 27.Qe2 Rf7 28.Qb5 Ref8 29.a5 bxa5 30.Qxa5 Qc4
31.Qa2 Qd3 32.Qxa7 f5 33.Rxe7 Bxd4 34.cxd4 f4 35.Rxf7 Rxf7 36.Qb8+
Rf8 37.Qxd6 fxg3 38.Qe6+ Kh8 39.Qe5+ Kg8 40.Qxg3 Qxd4 41.Qe3
Qxb2 42.Ra7 Qf6 43.Re7 Qd6 44.Qe6+ Qxe6 45.Rxe6 Rf5 46.d6 Rd5
47.Re8+ Kf7 48.Re7+ Kf6 49.Rxh7 Rxd6 50.Kg2 Rd3 51.Ra7 Rb3 52.Ra5
Rc3 53.h4 Rb3 54.h5 gxh5 55.Rxh5 Kg6 56.Rc5 Ra3 57.f3 Kf6 58.Kg3
Ra4 59.f4 Ra1 1/2-1/2

[Event "13. Golden Prague Open"]
[Site "Praha"]
[Date "2017.07.03"]
[Round "3.7"]
[White "Plasek, Zdenek"]
[Black "Vitek, Jan"]
[Result "1-0"]
[WhiteElo "2002"]
[BlackElo "1704"]
[Annotator ""]
[Source ""]
[Remark ""]

1.d4 d5 2.Bf4 e6 3.e3 Bd6 4.Bg3 f5 5.c4 c6 6.Nc3 Nf6 7.Qb3 O-O
8.Bd3 Ne4 9.Nf3 Qe7 10.Ne5 Nxg3 11.hxg3 Nd7 12.Nxd7 Bxd7 13.c5
Bc7 14.Qxb7 Ba5 15.Qb3 Rab8 16.Qc2 e5 17.O-O e4 18.Be2 g5 19.Rfe1
Bc7 20.Bf1 g4 21.Ba6 Rf6 22.Kf1 Rh6 23.Ke2 Qg5 24.Rh1 Rh5 25.Rae1
Qh6 26.Rhg1 Qe6 27.Kd1 Bc8 28.Be2 Ba5 29.Rh1 Qf7 30.Kc1 Rxh1
31.Rxh1 Bxc3 32.Qxc3 Qb7 33.Kc2 Qb4 34.Qxb4 Rxb4 35.Kc3 Rb7 36.Ba6
Rc7 37.Bxc8 Rxc8 38.Rh5 Rf8 39.Rh6 Rc8 40.Rf6 Kg7 41.Rxf5 1-0

[Event "13. Golden Prague Open"]
[Site "Praha"]
[Date "2017.07.03"]
[Round "3.8"]
[White "Drahoradova, Zuzana"]
[Black "Pokorny, Jiri"]
[Result "1-0"]
[WhiteElo "1658"]
[BlackElo "1905"]
[Annotator ""]
[Source ""]
[Remark ""]

1.e4 c5 2.Nc3 d6 3.g3 Nc6 4.Bg2 Nf6 5.d3 Bg4 6.Nge2 e6 7.O-O
Be7 8.f3 Bh5 9.Nf4 O-O 10.Nxh5 Nxh5 11.f4 Nf6 12.Qf3 Nd4 13.Qd1
d5 14.e5 Nd7 15.Ne2 Nf5 16.a4 a5 17.Qe1 Nb8 18.c3 Nc6 19.Kh1
Qd7 20.Ng1 Rac8 21.Nf3 Rfd8 22.g4 Nh6 23.Qg3 Na7 24.Nh4 b5 25.f5
Kh8 26.f6 Bf8 27.Bxh6 gxh6 28.g5 b4 29.Nf3 bxc3 30.bxc3 Nc6 31.Qh4
c4 32.d4 Rb8 33.gxh6 Rb3 34.Qh5 Rxc3 35.Ng5 Kg8 36.Rf4 Nxd4 37.Rxd4
Bc5 38.Rg4 Kf8 39.Nxh7+ 1-0

[Event "13. Golden Prague Open"]
[Site "Praha"]
[Date "2017.07.03"]
[Round "3.9"]
[White "Sura, Jaroslav"]
[Black "Mach, Petr"]
[Result "1/2-1/2"]
[WhiteElo "2055"]
[BlackElo "1609"]
[Annotator ""]
[Source ""]
[Remark ""]

1.e4 e6 2.Qe2 c5 3.f4 Nc6 4.c3 d5 5.d3 Nge7 6.g3 dxe4 7.dxe4
e5 8.Nf3 exf4 9.gxf4 Ng6 10.Be3 Be7 11.Nbd2 Qc7 12.f5 Nge5 13.Bg2
Bd7 14.Bf2 Bd6 15.Nc4 Nxc4 16.Qxc4 Ne5 17.Nxe5 Bxe5 18.O-O-O
Bxh2 19.Qxc5 Qxc5 20.Bxc5 Bf4+ 21.Kc2 Bc6 22.Bf3 b6 23.Bd4 f6
24.Rh3 Ke7 25.e5 Bxf3 26.exf6+ gxf6 27.Rxf3 Bg5 28.Be3 Rad8 29.Re1
Kf7 30.Bd4 1/2-1/2

[Event "13. Golden Prague Open"]
[Site "Praha"]
[Date "2017.07.03"]
[Round "3.10"]
[White "Janacek, Jaroslav"]
[Black "Nemecek, Lukas"]
[Result "1-0"]
[WhiteElo "2012"]
[BlackElo "1641"]
[Annotator ""]
[Source ""]
[Remark ""]

1.Nf3 d5 2.c4 e6 3.b3 Nf6 4.g3 b6 5.Bg2 Bb7 6.O-O c5 7.Bb2 Be7
8.e3 Nc6 9.Qe2 O-O 10.Rd1 Qd7 11.d4 Rfd8 12.Nc3 Rac8 13.Ne5 Qc7
14.Rac1 Nb4 15.a3 Na6 16.cxd5 exd5 17.Nb5 Qb8 18.dxc5 bxc5 19.Bh3
Bc6 20.Nc3 Qxe5 21.Nxd5 1-0

[Event "13. Golden Prague Open"]
[Site "Praha"]
[Date "2017.07.03"]
[Round "3.11"]
[White "Cabart, Pavel"]
[Black "Koper, Stefan"]
[Result "0-1"]
[WhiteElo "1712"]
[BlackElo "1931"]
[Annotator ""]
[Source ""]
[Remark ""]

1.e4 c5 2.Nf3 d6 3.d4 cxd4 4.Nxd4 Nf6 5.Nc3 e5 6.Nb3 Be6 7.f3
a6 8.Be3 Nbd7 9.Qd2 b5 10.g4 Be7 11.g5 Nh5 12.O-O-O Nb6 13.Kb1
Bc4 14.Qf2 Nd7 15.Nd5 Bxd5 16.Rxd5 O-O 17.h4 f5 18.exf5 Rxf5
19.Bh3 Rf8 20.Bg4 Nf4 21.Bxf4 Rxf4 22.Rhd1 Qb6 23.Qe2 Nf8 24.Nd4
g6 25.Ne6 Rxg4 26.Nxf8 Rxh4 27.Nd7 Qc6 28.Nxe5 dxe5 29.Qxe5 Rf8
30.a3 Rhf4 31.Qxe7 Rxf3 32.Rd8 Qc4 33.Rxf8+ Rxf8 34.b3 Qf7 35.Qe5
Qf5 36.Qe7 Qf7 37.Qe5 Re8 38.Qd6 Qe6 39.Qh2 Qe5 40.Qd2 Qf5 41.Qg2
Qc5 42.Kb2 Qe5+ 43.Ka2 Rc8 44.Rd7 Qf5 45.Rd2 a5 46.Kb1 Qe5 47.Qd5+
Qxd5 48.Rxd5 Rb8 49.Rd7 b4 50.Ra7 Rb5 51.Ra8+ Kf7 52.Ra7+ Ke6
53.Rxh7 Rxg5 54.axb4 axb4 55.Rh4 Rb5 56.Kb2 g5 57.Rh8 g4 58.Rg8
Kf5 59.c4 Re5 60.Kc2 Re3 61.Rf8+ Kg5 62.Rg8+ Kh4 63.Rh8+ Kg3
64.Rg8 Kh3 65.Rh8+ Kg2 66.Rh5 g3 67.c5 Kf2 68.Rg5 0-1

[Event "13. Golden Prague Open"]
[Site "Praha"]
[Date "2017.07.03"]
[Round "3.12"]
[White "Frost, Peter"]
[Black "Veselsky, Jan"]
[Result "1-0"]
[WhiteElo "1934"]
[BlackElo "1672"]
[Annotator ""]
[Source ""]
[Remark ""]

1.c4 e6 2.d4 d5 3.Nc3 c5 4.cxd5 exd5 5.Nf3 Nf6 6.g3 Nc6 7.Bg2
Be7 8.O-O O-O 9.Bg5 cxd4 10.Nxd4 h6 11.Be3 Be6 12.Nxc6 bxc6 13.Na4
Re8 14.Rc1 Qc7 15.Qc2 Rac8 16.Rfd1 Ng4 17.Bf4 Bd6 18.Bxd6 Qxd6
19.Nc5 Nf6 20.e3 Nd7 21.Nxd7 Qxd7 22.Qa4 Qb7 23.b4 Bf5 24.Rc5
a6 25.Bf1 Ra8 26.a3 Bd7 27.Rdc1 Re4 28.Bd3 Re5 29.Qc2 g6 30.Bxg6
f5 31.Qc3 Qc7 32.f4 Re7 33.Bh5 Rg7 34.Bf3 Qd8 35.Kf2 Qe7 36.Rxd5
Kh7 37.Rxd7 1-0

[Event "13. Golden Prague Open"]
[Site "Praha"]
[Date "2017.07.03"]
[Round "3.13"]
[White "Fiser, Jiri"]
[Black "Plate, Marion Helga"]
[Result "1-0"]
[WhiteElo "1897"]
[BlackElo "1564"]
[Annotator ""]
[Source ""]
[Remark ""]

1.e4 d6 2.d4 Nf6 3.Nc3 g6 4.h3 Bg7 5.Be3 O-O 6.Qd2 e5 7.Nf3 Nc6
8.d5 Ne7 9.g4 a6 10.O-O-O b5 11.a3 Rb8 12.Ne1 b4 13.axb4 Rxb4
14.f3 a5 15.Nd3 Qd7 16.Nxb4 axb4 17.Nb1 Qa4 18.Bc4 Bd7 19.Qd3
Ra8 20.Qb3 Qa5 21.c3 Ba4 22.Qxb4 Qxb4 23.cxb4 Bxd1 24.Rxd1 Rb8
25.b5 Nd7 26.Nc3 Nc8 27.Kc2 Ndb6 28.Be2 Ra8 29.b3 Nd7 30.Kb2
Ne7 31.Ra1 Rxa1 32.Kxa1 h6 33.Kb2 g5 34.Ka3 Kf8 35.Kb4 Ke8 36.Ka5
Kd8 37.Ka6 Kc8 38.Ka7 Bf6 39.Na4 Ng6 40.b4 Bd8 41.b6 cxb6 42.Ba6+
Kc7 43.Nxb6 Nxb6 44.Bxb6+ Kd7 45.Bxd8 Kxd8 46.b5 1-0

[Event "13. Golden Prague Open"]
[Site "Praha"]
[Date "2017.07.03"]
[Round "3.14"]
[White "Kronowetter, Borivoj"]
[Black "Maly, Filip"]
[Result "0-1"]
[WhiteElo "1671"]
[BlackElo "1915"]
[Annotator ""]
[Source ""]
[Remark ""]

1.e4 c5 2.Nf3 d6 3.d4 cxd4 4.Nxd4 Nf6 5.Nc3 a6 6.Bc4 e6 7.Bb3
Be7 8.O-O b5 9.Re1 O-O 10.Qf3 Qc7 11.Qg3 b4 12.Nd1 Kh8 13.c3
Nc6 14.Nxc6 Qxc6 15.Bc2 Bb7 16.Bg5 Rad8 17.e5 dxe5 18.Bxf6 Bxf6
19.Be4 Qc7 20.Qe3 Bxe4 21.Qxe4 bxc3 22.Nxc3 Rd4 23.Qe2 Rfd8 24.Qxa6
Qd7 25.Ne4 Be7 26.Nc3 Rd2 27.Re2 Rd6 28.Qc4 f5 29.Rxe5 Bf6 30.Re2
e5 31.a4 e4 32.a5 Rc6 33.Qb5 Bd4 34.a6 Qd6 35.Rd2 e3 36.Rxd4
Qxd4 37.Qxc6 e2 38.Qf3 Qd1+ 0-1